[Event "GER HS-208 email"]
[Site "GER email"]
[Date "2016.08.01"]
[Round "?"]
[White "Boettcher, Frank"]
[Black "Kern, Burkhard"]
[Result "0-1"]
[WhiteElo "1326"]
[BlackElo "1876"]
[PlyCount "52"]
[EventDate "2016.08.08"]
[EventType "tourn (corr)"]
[EventRounds "6"]
[EventCountry "GER"]
[SourceTitle "Corr 2022"]
[Source "ChessBase"]
[SourceDate "2021.10.24"]
[SourceVersion "1"]
[SourceVersionDate "2021.10.24"]
[SourceQuality "1"]

1. e4 e6 2. d4 d5 3. e5 c5 4. Nf3 Nc6 5. Bb5 Qb6 6. Bxc6+ bxc6 7. Nc3 Ba6 8. Ne2 cxd4 9. Nfxd4 c5 10. Nf3 Ne7 11. 0-0 Nc6 12. b3 Be7 13. Bg5 Nxe5 14. Bxe7 Nxf3+ 15. gxf3 Kxe7 16. Re1 Rhe8 17. Nf4 Kf8 18. Nd3 Rac8 19. Nb2 Bb7 20. Re5 g6 21. Rg5 e5 22. Qe1 e4 23. fxe4 Qf6 24. Qe3 Rxe4 25. Qg3 Qxb2 26. Rf1 Qxc2 0-1

[Event "GER HS-195 email"]
[Site "GER email"]
[Date "2015.12.06"]
[Round "?"]
[White "Herzog, Klaus"]
[Black "Kern, Burkhard"]
[Result "1-0"]
[WhiteElo "1771"]
[BlackElo "1864"]
[PlyCount "59"]
[EventDate "2015.12.12"]
[EventType "tourn (corr)"]
[EventRounds "6"]
[EventCountry "GER"]
[SourceTitle "Corr 2020"]
[Source "ChessBase"]
[SourceDate "2019.09.30"]
[SourceVersion "1"]
[SourceVersionDate "2019.09.30"]
[SourceQuality "1"]

1. e4 e6 2. d4 d5 3. Nc3 dxe4 4. Nxe4 Nf6 5. Bg5 Be7 6. Bxf6 gxf6 7. Nf3 f5 8. Nc3 a6 9. g3 b5 10. Bg2 Bb7 11. 0-0 0-0 12. Ne5 Bxg2 13. Kxg2 b4 14. Na4 Qd5+ 15. Qf3 Qxf3+ 16. Kxf3 f6 17. Nc4 Nc6 18. Rad1 Rfd8 19. d5 exd5 20. Ne3 d4 21. Nxf5 Rd5 22. Nxe7+ Nxe7 23. c4 Rf5+ 24. Kg2 Ra5 25. b3 c5 26. Rfe1 Kf7 27. Rd2 Rg8 28. Kf1 Nc6 29. Nb6 Rd8 30. Kg2 1-0

[Event "GER HS-195 email"]
[Site "GER email"]
[Date "2015.12.06"]
[Round "?"]
[White "Kern, Burkhard"]
[Black "Jakobi, Wilfried"]
[Result "1-0"]
[WhiteElo "1864"]
[BlackElo "1607"]
[PlyCount "35"]
[EventDate "2015.12.12"]
[EventType "tourn (corr)"]
[EventRounds "6"]
[EventCountry "GER"]
[SourceTitle "Corr 2020"]
[Source "ChessBase"]
[SourceDate "2019.09.30"]
[SourceVersion "1"]
[SourceVersionDate "2019.09.30"]
[SourceQuality "1"]

1. c4 e5 2. g3 d6 3. Nc3 Be6 4. d3 Nf6 5. Bg2 c6 6. e4 Be7 7. f4 Qc7 8. Nge2 Bg4 9. Be3 Nbd7 10. h3 Bxe2 11. Qxe2 b6 12. g4 h6 13. 0-0-0 0-0-0 14. d4 Kb8 15. Kb1 a6 16. c5 bxc5 17. dxe5 dxe5 18. Qxa6 1-0

[Event "GER HS-161 email"]
[Site "GER email"]
[Date "2014.03.03"]
[Round "?"]
[White "Kern, Burkhard"]
[Black "Kaltschmidt, Andreas"]
[Result "1/2-1/2"]
[WhiteElo "1855"]
[BlackElo "1854"]
[PlyCount "63"]
[EventDate "2014.03.10"]
[EventType "tourn (corr)"]
[EventRounds "6"]
[EventCountry "GER"]
[SourceTitle "Corr 2020"]
[Source "ChessBase"]
[SourceDate "2019.09.30"]
[SourceVersion "1"]
[SourceVersionDate "2019.09.30"]
[SourceQuality "1"]

1. c4 e5 2. g3 Nf6 3. Bg2 d5 4. cxd5 c6 5. dxc6 Nxc6 6. Bxc6+ bxc6 7. Nf3 e4 8. Ne5 Bc5 9. d4 Qxd4 10. Qxd4 Bxd4 11. Nxc6 Bb6 12. Be3 Bxe3 13. fxe3 Bd7 14. Nd4 h5 15. h4 Rc8 16. Nc3 Ke7 17. Kd2 Rhd8 18. Rac1 Rb8 19. b3 Rdc8 20. Rhd1 a6 21. a3 Kd6 22. b4 Ke5 23. Rc2 Rc4 24. Rdc1 Rbc8 25. Nb3 Ng4 26. Nc5 Rd8 27. Ke1 Bf5 28. Rd2 Rxd2 29. Kxd2 a5 30. Na6 axb4 31. Nxb4 Bd7 32. Nc2 1/2-1/2

[Event "GER HS-161 email"]
[Site "GER email"]
[Date "2014.03.03"]
[Round "?"]
[White "Kern, Burkhard"]
[Black "Preussner, Michael"]
[Result "1-0"]
[WhiteElo "1855"]
[BlackElo "1817"]
[PlyCount "81"]
[EventDate "2014.03.10"]
[EventType "tourn (corr)"]
[EventRounds "6"]
[EventCountry "GER"]
[SourceTitle "Corr 2020"]
[Source "ChessBase"]
[SourceDate "2019.09.30"]
[SourceVersion "1"]
[SourceVersionDate "2019.09.30"]
[SourceQuality "1"]

1. c4 e5 2. g3 Nf6 3. Bg2 c6 4. d4 exd4 5. Qxd4 d5 6. Nf3 Be7 7. cxd5 cxd5 8. 0-0 Nc6 9. Qa4 0-0 10. Nc3 Be6 11. Be3 a6 12. Rfd1 b5 13. Qc2 Rc8 14. Ng5 h6 15. Nxe6 fxe6 16. Bh3 Qd6 17. Rac1 Ne5 18. Qb1 Nc4 19. Bf4 Ne5 20. e3 Rfe8 21. Ne2 Rxc1 22. Rxc1 Nf3+ 23. Kg2 e5 24. Kxf3 Ne4 25. Kg2 exf4 26. Nxf4 Bg5 27. Bg4 Nf6 28. Bf3 Bxf4 29. exf4 Qd7 30. Qd3 Qd6 31. a3 Kh8 32. b4 Rd8 33. Qd4 Qe6 34. Rc7 Rd7 35. Rc8+ Kh7 36. Qc5 Ne4 37. Qf8 Nf6 38. Bd1 d4 39. Qh8+ Kg6 40. h4 h5 41. Bf3 1-0

[Event "GER HS-161 email"]
[Site "GER email"]
[Date "2014.03.03"]
[Round "?"]
[White "Kern, Burkhard"]
[Black "Zimmermann, Falk"]
[Result "1/2-1/2"]
[WhiteElo "1855"]
[BlackElo "1979"]
[PlyCount "75"]
[EventDate "2014.03.10"]
[EventType "tourn (corr)"]
[EventRounds "6"]
[EventCountry "GER"]
[SourceTitle "Corr 2020"]
[Source "ChessBase"]
[SourceDate "2019.09.30"]
[SourceVersion "1"]
[SourceVersionDate "2019.09.30"]
[SourceQuality "1"]

1. c4 e5 2. g3 Nf6 3. Bg2 d5 4. cxd5 Nxd5 5. Nc3 Nb6 6. Nf3 Nc6 7. 0-0 Be7 8. a3 0-0 9. b4 Be6 10. Rb1 f6 11. d3 Nd4 12. Nd2 c6 13. Nde4 Bf7 14. Nc5 Qc7 15. e3 Ne6 16. N3e4 Nd5 17. Qc2 b6 18. Nb3 Rfd8 19. Bb2 Rac8 20. Rbc1 Qd7 21. d4 f5 22. Ned2 e4 23. Nc4 Bf6 24. Ne5 Qe8 25. Nxf7 Qxf7 26. h4 Rc7 27. Qd2 Qg6 28. b5 c5 29. dxc5 Nxe3 30. Qxe3 Bxb2 31. Rcd1 Rxd1 32. Rxd1 bxc5 33. Qe2 Bd4 34. a4 Qe8 35. a5 g6 36. Qc4 Kf7 37. Bf1 Kf6 38. Kg2 1/2-1/2

[Event "GER HS-161 email"]
[Site "GER email"]
[Date "2014.03.03"]
[Round "?"]
[White "Tacke, Hubert"]
[Black "Kern, Burkhard"]
[Result "1-0"]
[WhiteElo "1859"]
[BlackElo "1855"]
[PlyCount "93"]
[EventDate "2014.03.10"]
[EventType "tourn (corr)"]
[EventRounds "6"]
[EventCountry "GER"]
[SourceTitle "Corr 2015"]
[Source "ChessBase"]
[SourceDate "2015.07.17"]
[SourceVersion "1"]
[SourceVersionDate "2015.07.17"]
[SourceQuality "1"]

1. e4 e6 2. d4 d5 3. Nd2 dxe4 4. Nxe4 Nf6 5. Bd3 Nc6 6. Nf3 Nb4 7. Nxf6+ gxf6 8. Be2 Bd7 9. c4 c5 10. a3 Nc6 11. d5 Ne5 12. 0-0 Bd6 13. Nxe5 Bxe5 14. Be3 Qc7 15. f4 Bd6 16. Bh5 exd5 17. Qxd5 0-0-0 18. Qxf7 Rhf8 19. Qg7 f5 20. Qc3 Bc6 21. Bf3 h5 22. Bxc6 Qxc6 23. Rad1 Qe4 24. Rd5 Rg8 25. g3 h4 26. Bxc5 hxg3 27. hxg3 Bxc5+ 28. Rxc5+ Kb8 29. Re5 Qd3 30. Rf3 Qd1+ 31. Re1 Qd7 32. Rfe3 Qh7 33. R3e2 Qg6 34. Rg2 a6 35. c5 Rd5 36. c6 Rc8 37. Rge2 Qxc6 38. Qxc6 Rxc6 39. Kf2 Rd3 40. Re3 Rd2+ 41. R1e2 Rd1 42. a4 Rh6 43. Re5 Rd3 44. R2e3 Rd2+ 45. Kf3 Rxb2 46. Rxf5 Rh1 47. a5 1-0

[Event "GER T178-B11-S email"]
[Site "GER email"]
[Date "2013.09.24"]
[Round "?"]
[White "Fritsche, Frank"]
[Black "Kern, Burkhard"]
[Result "1-0"]
[WhiteElo "2172"]
[BlackElo "1855"]
[PlyCount "53"]
[EventDate "2013.10.01"]
[EventType "tourn (corr)"]
[EventRounds "8"]
[EventCountry "GER"]
[SourceTitle "Corr 2015"]
[Source "ChessBase"]
[SourceDate "2015.07.17"]
[SourceVersion "1"]
[SourceVersionDate "2015.07.17"]
[SourceQuality "1"]

1. e4 c6 2. Nc3 d5 3. Qf3 e6 4. d4 Qb6 5. Qe3 Nf6 6. Nf3 c5 7. exd5 cxd4 8. Nxd4 Bc5 9. Bb5+ Bd7 10. dxe6 Bxb5 11. Ncxb5 0-0 12. 0-0 Nc6 13. c3 Rae8 14. b4 Bxd4 15. Nxd4 fxe6 16. Nxc6 Qxc6 17. Qxa7 b6 18. Qa3 Ng4 19. h3 Ne5 20. Qb2 Rf5 21. a4 Ref8 22. Qe2 R8f6 23. Bf4 Ng6 24. Bg3 e5 25. a5 Nf4 26. Bxf4 Rxf4 27. a6 1-0

[Event "GER T178-B11-S email"]
[Site "GER email"]
[Date "2013.09.24"]
[Round "?"]
[White "Kern, Burkhard"]
[Black "Wilke, Marc"]
[Result "0-1"]
[WhiteElo "1855"]
[BlackElo "1766"]
[PlyCount "42"]
[EventDate "2013.10.01"]
[EventType "tourn (corr)"]
[EventRounds "8"]
[EventCountry "GER"]
[SourceTitle "Corr 2015"]
[Source "ChessBase"]
[SourceDate "2015.07.17"]
[SourceVersion "1"]
[SourceVersionDate "2015.07.17"]
[SourceQuality "1"]

1. e4 c6 2. Nc3 d5 3. Qf3 dxe4 4. Nxe4 Nf6 5. Nxf6+ exf6 6. Qb3 Bd6 7. d4 0-0 8. Bd3 Qe7+ 9. Ne2 Be6 10. c4 b5 11. d5 Bb4+ 12. Kf1 bxc4 13. Qxc4 cxd5 14. Qh4 g6 15. a3 Bd6 16. Nd4 Rc8 17. Bf4 Nd7 18. Re1 Bxf4 19. Qxf4 Ne5 20. Be2 Bd7 21. h4 Re8 0-1

[Event "GER T178-B11-S email"]
[Site "GER email"]
[Date "2013.09.24"]
[Round "?"]
[White "Wilke, Marc"]
[Black "Kern, Burkhard"]
[Result "1-0"]
[WhiteElo "1766"]
[BlackElo "1855"]
[PlyCount "55"]
[EventDate "2013.10.01"]
[EventType "tourn (corr)"]
[EventRounds "8"]
[EventCountry "GER"]
[SourceTitle "Corr 2015"]
[Source "ChessBase"]
[SourceDate "2015.07.17"]
[SourceVersion "1"]
[SourceVersionDate "2015.07.17"]
[SourceQuality "1"]

1. e4 c6 2. Nc3 d5 3. Qf3 e6 4. d4 Qb6 5. Qe3 Nf6 6. Nf3 dxe4 7. Nxe4 Nbd7 8. Be2 Be7 9. 0-0 Nd5 10. Qd3 0-0 11. c4 N5f6 12. a4 c5 13. a5 Qc7 14. Rd1 Rd8 15. Be3 cxd4 16. Bxd4 Nf8 17. Qc2 Ng6 18. Nxf6+ gxf6 19. Bc3 Rxd1+ 20. Rxd1 e5 21. g3 Be6 22. h4 Rd8 23. Rxd8+ Bxd8 24. h5 Ne7 25. Qe4 a6 26. Bd3 f5 27. Qxe5 Qxe5 28. Nxe5 1-0

[Event "GER OS-215 email"]
[Site "GER email"]
[Date "2013.04.08"]
[Round "?"]
[White "Kern, Burkhard"]
[Black "Jansen, Dirk Norbert"]
[Result "1-0"]
[WhiteElo "1666"]
[BlackElo "1754"]
[PlyCount "117"]
[EventDate "2013.04.15"]
[EventType "tourn (corr)"]
[EventRounds "6"]
[EventCountry "GER"]
[SourceTitle "Corr 2015"]
[Source "ChessBase"]
[SourceDate "2015.07.17"]
[SourceVersion "1"]
[SourceVersionDate "2015.07.17"]
[SourceQuality "1"]

1. c4 e6 2. g3 d5 3. Bg2 c5 4. Nf3 Nf6 5. 0-0 Nc6 6. e3 Be7 7. b3 0-0 8. Qe2 b6 9. Bb2 Bb7 10. Rd1 dxc4 11. bxc4 Qc7 12. Nc3 a6 13. Ne1 Rfd8 14. Rab1 Rab8 15. f4 Na5 16. Nf3 Ne8 17. a4 Nd6 18. d3 Bc6 19. e4 b5 20. e5 Nf5 21. cxb5 axb5 22. Nxb5 Bxb5 23. axb5 Rxb5 24. g4 Nd4 25. Bxd4 Rxb1 26. Rxb1 cxd4 27. Qa2 Rc8 28. Kh1 Qc3 29. f5 exf5 30. gxf5 Qxd3 31. f6 Qa3 32. Qd5 Rc1+ 33. Rxc1 Qxc1+ 34. Ng1 gxf6 35. Qxa5 d3 36. exf6 Bxf6 37. Qh5 d2 38. Bf3 Qe1 39. Bd1 Bd4 40. Qg5+ Bg7 41. Qg4 h6 42. Kg2 Qe6 43. h3 Qe1 44. h4 Qe6 45. Qxe6 fxe6 46. Nf3 Bc3 47. Kg3 e5 48. h5 e4 49. Nh4 Bf6 50. Nf5 Bg5 51. Kg4 e3 52. Bb3+ Kh7 53. Nd4 Kh8 54. Kf5 Kg7 55. Bd1 Kf7 56. Ne6 Be7 57. Bb3 Bg5 58. Nxg5+ Ke7 59. Bd1 1-0